000 00776nam a2200253Ia 4500
001 17756
003 GE_BSU
008 181216s||||||||xx |||||||||||||| ||und||
020 _a9780078072804
040 _cGE_BSU
080 _a811.133.1
100 _aElodie, heu. Perrand, Marion
245 _aLe nouvel edito.Niveau B 1. Cahier d'exercices.
245 _bDes entrainements complementaires pour renforcer ses acquis en. Grammaire. Vocabulaire. Comprehensionet production ecrite.
260 _aParis
260 _bDidier
260 _c2012
300 _a142p.20cm.
541 _h5 Gel. 56 T.
653 _aDes entrainements complementaires pour renforcer ses acquis en
653 _aLe nouvel edito
653 _aფრანგული ენა
942 _cBK
999 _c50803
_d50803